| 000 | 01047nam a2200253 a 4500 | ||
|---|---|---|---|
| 001 | 000025429 | ||
| 005 | 20200930023801.0 | ||
| 008 | 110216s1999 dr 000 0 spa d | ||
| 040 |
_aDO-SdBNP _bspa _cBNPHU |
||
| 082 |
_a305.42 _bG643p |
||
| 100 | 1 |
_aGonzález Tirado, Rafael _93030 |
|
| 245 | 1 | 3 |
_aLa problemática del lenguaje sexista en la República Dominicana. Feminía de bien / _cRafael González Tirado. |
| 260 |
_aSanto Domingo : _bAlfa y Omega, _c1999. |
||
| 300 |
_a58 p. ; _c22 cm. |
||
| 490 | 1 | _aCámara de Diputados | |
| 500 | _aIncluye referencias bibliográficas y notas al pie de las páginas. | ||
| 504 | _aIncluye bibliografía y notas al final de capítulos. | ||
| 590 | _aInventariado, 2018/MFF | ||
| 650 | 4 |
_aEstereotipos sexuales _zRepública Dominicana _952034 |
|
| 650 | 4 |
_aMujeres _xCuestiones sociales y morales _zRepública Dominicana _97010 |
|
| 650 | 4 |
_aDiscriminación sexual contra la mujer _zRepública Dominicana _917932 |
|
| 830 | 0 |
_aCámara de Diputados _937882 |
|
| 910 | _aValidado. Control de calidad EMS | ||
| 999 |
_c24921 _d24921 |
||